Les manipulateurs sont parmi nous / (Record no. 94740)

MARC details
000 -LEADER
campo de control de longitud fija 00997nam a2200253 i 4500
001 - NÚMERO DE CONTROL
campo de control 118121
005 - FECHA Y HORA DE LA ÚLTIMA TRANSACCIÓN
campo de control 20230410142402.0
008 - DATOS DE LONGITUD FIJA--INFORMACIÓN GENERAL
campo de control de longitud fija 140926s2004 cn rb 000 0 fre d
020 ## - NÚMERO INTERNACIONAL ESTÁNDAR DEL LIBRO
Número Internacional Estándar del Libro 9782761919715
041 0# - CÓDIGO DE IDIOMA
Código de lengua del texto/banda sonora o título independiente fre
050 14 - SIGNATURA TOPOGRÁFICA DE LA BIBLIOTECA DEL CONGRESO
Número de clasificación
Número de ítem N335 2004
100 1# - ENTRADA PRINCIPAL--NOMBRE DE PERSONA
Nombre de persona Nazare - Aga, Isabelle
245 00 - MENCIÓN DEL TÍTULO
Título Les manipulateurs sont parmi nous /
Resto del título Qui sont-ils? comment s'en protéger ?
Mención de responsabilidad, etc. Isabelle Nazare - Aga
260 ## - PUBLICACIÓN, DISTRIBUCIÓN, ETC.
Lugar de publicación, distribución, etc. Montréal :
Nombre del editor, distribuidor, etc. Éditions de l'Homme
Fecha de publicación, distribución, etc. 2004
300 ## - DESCRIPCIÓN FÍSICA
Extensión 286 p. :
Otras características físicas 23 cm.
500 ## - NOTA GENERAL
Nota general Contient Bibliographie
505 0# - NOTA DE CONTENIDO CON FORMATO
Nota de contenido con formato Qui sont les manipulateurs ? -- Comment se protéger des manipulateurs.
520 ## - RESUMEN, ETC.
Sumario, etc. Présente les caractéristiques permettant d'identifier les diverses personnalités manipulatrices, qu'elles soient sympathiques, séduisantes, altruistes, réservées, cultivées ou même tyranniques.
650 #0 - PUNTO DE ACCESO ADICIONAL DE MATERIA--TÉRMINO DE MATERIA
Término de materia o nombre geográfico como elemento de entrada Manipulation (Psychologie)
650 #0 - PUNTO DE ACCESO ADICIONAL DE MATERIA--TÉRMINO DE MATERIA
Término de materia o nombre geográfico como elemento de entrada Manipulative behavior.
650 #0 - PUNTO DE ACCESO ADICIONAL DE MATERIA--TÉRMINO DE MATERIA
Término de materia o nombre geográfico como elemento de entrada manipulation (psychosociologie)
942 ## - ELEMENTOS DE ENTRADA SECUNDARIOS (KOHA)
Fuente del sistema de clasificación o colocación Clasificación de Library of Congress
Tipo de ítem Koha
946 ## - PROCESAMIENTO DE INFORMACIÓN LOCAL (OCLC)
a IMRO
Holdings
Estatus retirado Estado de pérdida Fuente del sistema de clasificación o colocación Estado de daño No para préstamo Colección Biblioteca de origen Biblioteca actual Ubicación en estantería Fecha de adquisición Signatura topográfica completa Código de barras Visto por última vez Copia número Tipo de ítem Koha
    Clasificación de Library of Congress     Oficina Leonel Fernández Biblioteca Juan Bosch Biblioteca Juan Bosch Colección 6to. Piso 10/04/2023 N335 2004 00000111377 17/11/2018 1